00648nam a2200205Ia 4500008004000000020001500040041000800055082001600063100002300079245002500102260004600127300001400173650001500187650001400202690002500216700001700241906001100258999001900269952015400288210210b2008 xxu||||| |||| 00| 0 eng d a0195694570 aeng a658.15 SRIF aSRIVASTAVA (Rajiv) aFinancial management aNew DelhibOxford University Pressc2008 axviii,794 amanagement aFinancial aFinancial Management aMISRA (Anil) a064971 c141847d141847 001040708ManagementaALbALcManagementd2021-02-17eIntact Bookhouse Pvt Ltdg485.00l0o658.15 SRIFp064971r2021-02-17 00:00:00w2021-02-17yBK